Z náruče do náruče ako žiť s deťmi po rozpade rodiny: kniha, ktorá zmení život vašich detí

Bibliographic Details
Main Author: Tinka, Jozef, 1958- (Author)
Format: Book
Language:Slovak
PhysicalDescription:150 strán farebné ilustrácie 20 cm
Published: Bratislava Re-Edu Academy, o.z. 2024
ISBN:9788097480400
Subjects:

MARC

LEADER 00000cam a2200000 4500
001 vtls012264390
003 SK-MaSNL
005 20260301110030.0
008 240927s2024 xo g ln 000 0 slo
015 |a SNBA2024/11 
020 |a 9788097480400  |q (brožované) 
040 |a SNK  |b slo  |c SNK  |e rda 
041 0 |a slo 
044 |a xo  |c SK 
072 7 |a 316.36  |x Manželstvo a rodina. Sexuálne vzťahy  |2 konspekt 
080 |a 316.472.42  |2 2011 
080 |a 316.361  |2 2011 
080 |a 342.7  |2 2011 
080 |a 347.627.2  |2 2011 
080 |a (048.8)  |2 2011 
100 1 |a Tinka, Jozef,  |d 1958-  |4 aut  |9 200097 
245 1 0 |a Z náruče do náruče  |b ako žiť s deťmi po rozpade rodiny: kniha, ktorá zmení život vašich detí  |c Jozef Tinka 
246 3 0 |a Ako žiť s deťmi po rozpade rodiny 
264 1 |a Bratislava  |b Re-Edu Academy, o.z.  |c 2024 
300 |a 150 strán  |b farebné ilustrácie  |c 20 cm 
336 |a text  |b txt  |2 rdacontent 
337 |a bez média  |b n  |2 rdamedia 
338 |a zväzok  |b nc  |2 rdacarrier 
504 |a Obsahuje bibliografiu, bibliografické odkazy 
650 0 7 |a partnerské vzťahy  |2 SNKPH  |9 2250 
650 0 7 |a Partner relationships  |2 SNKPHeng  |9 284534 
650 0 7 |a manželstvo  |2 SNKPH  |9 659 
650 0 7 |a Marriage  |2 SNKPHeng  |9 282483 
650 0 7 |a striedavá starostlivosť  |2 SNKPH  |9 171707 
650 0 7 |a práva detí  |2 SNKPH  |9 2258 
650 0 7 |a Children´s rights  |2 SNKPHeng  |9 265692 
650 0 7 |a rozvod  |2 SNKPH  |9 2703 
650 0 7 |a Divorce  |2 SNKPHeng  |9 328182 
655 7 |a monografie  |2 SNKPH  |9 70139 
655 7 |a Monographs  |2 SNKPHeng  |9 120675 
710 2 |a Rada pre práva dieťaťa  |4 pbl  |9 447343 
852 |a Slovenská národná knižnica 
919 |a 978-80-974804-0-0 
954 |a odborná, vedecká literatúra pôvodná (slovenská)  |2 lita 
958 |a DB 
958 |a LX 
999 |c 702213  |d 704143 
952 |a SNK  |b SNK  |y PREZ  |7 0  |p 17A1552958  |o snkSC 208012  |i snk2024/15028  |8 0  |0 0  |1 0  |4 0  |d 2024-09-27  |f 1  |l 0  |r 2025-10-31 00:00:00  |w 2026-02-23 
952 |a SNK  |b SNK  |y VYP  |7 0  |p 17A1580492  |o snkSC 208012 D1  |i snk2025/15119  |8 3  |g 17.92  |0 0  |1 0  |4 0  |d 2025-09-25  |l 0  |r 2026-02-23 21:02:50  |w 2026-02-23